000 00937cam a2200253 i 4500
001 21650373
003 TZ-ArACH
005 20230124165604.0
008 200722s2020 fr b 000 0 fre d
010 _a 2019478490
020 _a9782416000560
_q(paperback)
042 _alccopycat
050 0 0 _aRA644
_b.B66 2020
100 1 _aBoniface, Pascal,
_eauthor.
245 1 0 _aGéopolitique du Covid-19 :
_bce que nous révèle la crise du coronavirus /
_cPascal Boniface.
260 _aParis :
_bÉditions Eyrolles,
_c2020.
300 _a189 pages ;
_c22 cm
504 _aIncludes bibliographical references.
650 0 _aInternational relations
_xHistory
_y21st century.
650 0 _aCOVID-19 (Disease)
_xPolitical aspects.
906 _a7
_bcbc
_ccopycat
_d3
_encip
_f20
_gy-gencatlg
942 _2lcc
_cBOOK
999 _c6814
_d6814